[Event "Championnat de France - Open D"]
[Site "Belfort - SNPHHUATVS"]
[Date "2010.08.15"]
[Round "6.8"]
[White "Kron, Eliot"]
[Black "Santacreu, Antoine"]
[Result "0-1"]
[WhiteElo "1370"]
[BlackElo "1460"]
[PlyCount "54"]
[EventDate "2010.??.??"]

1. e4 c5 2. Nc3 Nc6 3. f4 d6 4. Bb5 Bd7 5. Bxc6 Bxc6 6. d3 Nf6 7. Nf3 e6 8. O-O
Be7 9. Kh1 Qb6 10. Ne2 O-O-O 11. c3 h5 12. Qc2 c4 13. Nd2 cxd3 14. Qxd3 Ng4 15.
Qd4 d5 16. Qxb6 axb6 17. e5 Bb5 18. Re1 Bxe2 19. Rxe2 d4 20. cxd4 Rxd4 21. h3
Nh6 22. Re4 Rd3 23. Nf3 Bc5 24. b4 Bf2 25. Re2 Rd1+ 26. Kh2 Ng4+ 27. hxg4 hxg4+
0-1

[Event "Championnat de France - Open D"]
[Site "Belfort - SNPHHUATVS"]
[Date "2010.08.15"]
[Round "6.9"]
[White "Laudat, Philippe"]
[Black "Legrand, Vincent"]
[Result "1-0"]
[WhiteElo "1444"]
[BlackElo "1387"]
[PlyCount "49"]
[EventDate "2010.??.??"]

1. d4 d5 2. Bf4 e6 3. e3 Nf6 4. Nf3 c5 5. c3 cxd4 6. cxd4 Bb4+ 7. Nbd2 O-O 8.
Bd3 h6 9. O-O Nc6 10. Ne5 Nxe5 11. Bxe5 Bd6 12. f4 Bxe5 13. fxe5 Nd7 14. Nf3
Qb6 15. Qd2 f6 16. Kh1 fxe5 17. dxe5 Nc5 18. Nd4 Nxd3 19. Rxf8+ Kxf8 20. Rf1+
Kg8 21. Qxd3 Qxb2 22. Qg6 Qb6 23. h3 Qc7 24. Qe8+ Kh7 25. Rf8 1-0

[Event "Championnat de France - Open D"]
[Site "Belfort - SNPHHUATVS"]
[Date "2010.08.15"]
[Round "6.10"]
[White "Carre, Pierre-Jean"]
[Black "Sonet, Kelly"]
[Result "0-1"]
[WhiteElo "1310"]
[BlackElo "1430"]
[PlyCount "70"]
[EventDate "2010.??.??"]

1. e4 e5 2. Nf3 Nc6 3. Be2 Nf6 4. d3 Bc5 5. O-O O-O 6. c3 d5 7. exd5 Qxd5 8.
Be3 Rd8 9. Bxc5 Qxc5 10. Nbd2 Be6 11. Qc2 Nb4 12. Qb1 Nxa2 13. Rxa2 Bxa2 14.
Qxa2 Qe7 15. Ne4 Nxe4 16. dxe4 c5 17. Bc4 Rd7 18. Bxf7+ Qxf7 19. Qxf7+ Rxf7 20.
Nxe5 Re7 21. f4 g5 22. Ng4 Rf8 23. fxg5 Rxf1+ 24. Kxf1 Kg7 25. Nf2 Kg6 26. Ke2
Kxg5 27. Ke3 b5 28. Nh3+ Kg4 29. b4 cxb4 30. cxb4 Rc7 31. Kd4 Rc4+ 32. Kd5 Rxb4
33. e5 Kf5 34. Nf2 Rb2 35. Nd3 Rd2 0-1

[Event "Championnat de France - Open D"]
[Site "Belfort - SNPHHUATVS"]
[Date "2010.08.17"]
[Round "7.1"]
[White "Fissore, Alexis"]
[Black "Ragon, Philippe"]
[Result "1-0"]
[WhiteElo "1499"]
[BlackElo "1400"]
[PlyCount "91"]
[EventDate "2010.??.??"]

1. e4 e6 2. d4 d5 3. Nc3 Bb4 4. exd5 exd5 5. Bd3 Nc6 6. a3 Ba5 7. Nge2 Qh4 8.
Be3 Bg4 9. O-O O-O-O 10. f3 Be6 11. Na4 Nge7 12. b4 Bb6 13. Nxb6+ cxb6 14. Qc1
Bf5 15. Bxf5+ Nxf5 16. Bg5 Nfxd4 17. Bxh4 Nxe2+ 18. Kh1 Nxc1 19. Bxd8 Nb3 20.
cxb3 Rxd8 21. Rfe1 f6 22. Rad1 Rd7 23. Re2 Kd8 24. g4 Ne7 25. h4 Ke8 26. Kg2
Kf7 27. Kg3 g5 28. hxg5 fxg5 29. f4 h6 30. Rh1 gxf4+ 31. Kxf4 Rd6 32. Reh2 Rf6+
33. Kg3 Kg7 34. Rf2 Re6 35. Rhf1 Re3+ 36. Rf3 Rxf3+ 37. Rxf3 Kg6 38. Rc3 Nc6
39. Kf4 d4 40. Rd3 b5 41. Rh3 a5 42. bxa5 Nxa5 43. Ke4 Nc6 44. Rh5 b4 45. a4 b6
46. Rb5 1-0

[Event "Championnat de France - Open D"]
[Site "Belfort - SNPHHUATVS"]
[Date "2010.08.18"]
[Round "7.2"]
[White "Ottl, Eric"]
[Black "Faure, Baptiste"]
[Result "0-1"]
[WhiteElo "1410"]
[BlackElo "1460"]
[PlyCount "124"]
[EventDate "2010.??.??"]

1. e4 c5 2. Nc3 Nc6 3. f4 e6 4. Nf3 d5 5. Bb5 a6 6. Bxc6+ bxc6 7. d3 Be7 8. O-O
Nf6 9. Qe1 O-O 10. Ne5 Qc7 11. Rf3 Bd6 12. Qg3 c4 13. Ng4 Nh5 14. Qf2 f5 15. e5
fxg4 16. exd6 Qxd6 17. Re3 d4 18. Re5 Qxe5 19. fxe5 Rxf2 20. Kxf2 dxc3 21. bxc3
cxd3 22. cxd3 Bb7 23. Ba3 Nf4 24. Kg3 Nxd3 25. Rb1 Bc8 26. Rf1 Bd7 27. Rd1 Nxe5
28. Kf4 Ng6+ 29. Kxg4 Rd8 30. Kg5 h6+ 31. Kh5 Nf4+ 32. Kg4 e5+ 33. Kg3 Ne2+ 34.
Kf2 Nxc3 35. Rd3 Nd5 36. Kg1 Be6 37. Rf3 e4 38. Rf2 e3 39. Re2 Bg4 40. Re1 e2
41. h3 Nf4 42. hxg4 Rd1 43. Bb4 Nd3 44. Ba5 Nxe1 45. Kf2 Nc2 46. Kxe2 Ra1 47.
Kd3 Ne1+ 48. Kc3 Rxa2 49. Bc7 Rxg2 50. Ba5 Rxg4 51. Kd2 Nf3+ 52. Ke2 Ng1+ 53.
Kf2 h5 54. Bb6 h4 55. Bd8 h3 56. Bc7 a5 57. Ke1 a4 58. Kd1 Rg2 59. Ke1 h2 60.
Bxh2 Rxh2 61. Kf1 a3 62. Ke1 a2 0-1

[Event "Championnat de France - Open D"]
[Site "Belfort - SNPHHUATVS"]
[Date "2010.08.17"]
[Round "7.3"]
[White "Gobbe, David"]
[Black "Sauvage, Thierry"]
[Result "1/2-1/2"]
[WhiteElo "1480"]
[BlackElo "1466"]
[PlyCount "89"]
[EventDate "2010.??.??"]

1. e4 d6 2. d4 g6 3. Be3 Bg7 4. Nc3 c6 5. Be2 e5 6. Nf3 Qc7 7. Qd2 Nf6 8. dxe5
dxe5 9. h3 O-O 10. Bh6 Rd8 11. Qg5 Nbd7 12. Bxg7 Kxg7 13. O-O h6 14. Qe3 Nb6
15. Rad1 Re8 16. Nh4 Kh7 17. f4 Bd7 18. fxe5 Qxe5 19. Qf4 Qxf4 20. Rxf4 Kg7 21.
Rdf1 Re6 22. e5 Nh7 23. Rxf7+ Kg8 24. Bd3 Ng5 25. R7f6 Rxf6 26. Rxf6 Bf5 27.
Nxf5 gxf5 28. Bxf5 Nf7 29. Be6 Rf8 30. Rxh6 Kg7 31. Rf6 Nxe5 32. Rxf8 Kxf8 33.
Kf2 Ke7 34. Bf5 Nbc4 35. b3 Nd6 36. Bd3 Kf6 37. Ne4+ Nxe4+ 38. Bxe4 Kg5 39. g4
Kh4 40. Kg2 Nf7 41. Kh2 Ng5 42. Bg2 Ne6 43. Bf1 b6 44. a4 a5 45. Bg2 1/2-1/2

[Event "Championnat de France - Open D"]
[Site "Belfort - SNPHHUATVS"]
[Date "2010.08.17"]
[Round "7.4"]
[White "Delzant, Pierre-Richard"]
[Black "Rambeaux, Solene"]
[Result "0-1"]
[WhiteElo "1380"]
[BlackElo "1500"]
[PlyCount "74"]
[EventDate "2010.??.??"]

1. c4 Nf6 2. Nc3 g6 3. d4 Bg7 4. Nf3 O-O 5. g3 Nc6 6. Bg2 d5 7. b3 Bf5 8. cxd5
Nxd5 9. Nxd5 Qxd5 10. Bb2 Rfd8 11. O-O Be4 12. e3 Nb4 13. h3 Nd3 14. Ba3 Rd7
15. Qe2 Re8 16. Rad1 e5 17. Rxd3 Bxd3 18. Qxd3 e4 19. Qd1 exf3 20. Bxf3 Qa5 21.
Qc1 c6 22. b4 Qf5 23. Bg2 Qd3 24. Bb2 Qb5 25. a3 a5 26. bxa5 Qxa5 27. Bc3 Qb5
28. Rd1 Qb3 29. Qa1 Ra8 30. Bb2 Ra4 31. Rb1 Qc2 32. Bc1 c5 33. Rxb7 Rxb7 34.
Bxb7 cxd4 35. exd4 Rxd4 36. Bb2 Rd1+ 37. Kg2 Rxa1 0-1

[Event "Championnat de France - Open D"]
[Site "Belfort - SNPHHUATVS"]
[Date "2010.08.17"]
[Round "7.5"]
[White "Santacreu, Antoine"]
[Black "Laudat, Philippe"]
[Result "1-0"]
[WhiteElo "1460"]
[BlackElo "1444"]
[PlyCount "61"]
[EventDate "2010.??.??"]

1. e4 e5 2. Nf3 Nc6 3. Bc4 d6 4. d3 h6 5. Be3 Bg4 6. c3 Bh5 7. Nbd2 Be7 8. h3
Nf6 9. Qe2 O-O 10. O-O-O a6 11. g4 Bg6 12. g5 b5 13. gxf6 Bxf6 14. Bd5 Qd7 15.
Nh2 Rab8 16. Ng4 Kh7 17. Bxh6 Kg8 18. Nxf6+ gxf6 19. Bxf8 Kxf8 20. h4 b4 21. h5
Bh7 22. Rhg1 bxc3 23. bxc3 Ne7 24. Qg4 Nf5 25. exf5 Ke7 26. Qg7 Bg8 27. Ne4 Qb5
28. Qxf6+ Kf8 29. Rxg8+ Kxg8 30. Rg1+ Kh7 31. Qg7# 1-0

[Event "Championnat de France - Open D"]
[Site "Belfort - SNPHHUATVS"]
[Date "2010.08.17"]
[Round "7.6"]
[White "Finkel, Anne-Sophie"]
[Black "Benezra, David"]
[Result "1-0"]
[WhiteElo "1390"]
[BlackElo "1400"]
[PlyCount "67"]
[EventDate "2010.??.??"]

1. e4 c5 2. Nc3 e6 3. f4 a6 4. a4 d5 5. e5 Nc6 6. Nf3 b6 7. d3 Bb7 8. Be2 Nge7
9. O-O Nf5 10. Qe1 Ncd4 11. Bd1 Be7 12. Nxd4 Nxd4 13. Be3 Nf5 14. Bf2 O-O 15.
Bg4 Nh4 16. Bxh4 Bxh4 17. Qe2 Qc7 18. Rf3 Rac8 19. Rh3 Be7 20. f5 exf5 21. Bxf5
g6 22. Bxc8 Qxc8 23. Qe3 h5 24. Qf4 f6 25. Qe3 Qf5 26. Rf1 Qg5 27. Qxg5 fxg5
28. Rxf8+ Kxf8 29. Rf3+ Kg7 30. Rf2 g4 31. e6 d4 32. Rf7+ Kh6 33. Rxe7 dxc3 34.
Rxb7 1-0

[Event "Championnat de France - Open D"]
[Site "Belfort - SNPHHUATVS"]
[Date "2010.08.17"]
[Round "7.7"]
[White "Sonet, Kelly"]
[Black "Mesas, Michel"]
[Result "1-0"]
[WhiteElo "1430"]
[BlackElo "1490"]
[PlyCount "109"]
[EventDate "2010.??.??"]

1. d4 Nf6 2. c4 g6 3. Nc3 Bg7 4. Nf3 O-O 5. e3 c6 6. Bd3 d5 7. O-O Bg4 8. b3
Nbd7 9. Ba3 Re8 10. cxd5 cxd5 11. Rc1 e5 12. Be2 Rb8 13. dxe5 Nxe5 14. Nxe5
Bxe2 15. Nxe2 Rxe5 16. Bb2 Re8 17. Nf4 Qa5 18. Bxf6 Bxf6 19. Nxd5 Bg7 20. Rc2
Red8 21. Rd2 Kh8 22. e4 Re8 23. f3 Re6 24. b4 Qa6 25. Kh1 Rd6 26. Rc2 Rc6 27.
Rff2 Rd8 28. Qe2 Rdc8 29. Qxa6 bxa6 30. Rxc6 Rxc6 31. Rf1 Rc2 32. a4 Bc3 33.
Nxc3 Rxc3 34. Rb1 Kg8 35. Kg1 Kf8 36. b5 Ra3 37. Rb4 Ke7 38. bxa6 Ra1+ 39. Kf2
Ra2+ 40. Kg3 Kd6 41. Rb7 Rxa4 42. Rxa7 h5 43. Rxf7 Ke6 44. Ra7 Kd6 45. Rg7 Kc5
46. Rxg6 Kb5 47. Kh4 Kc4 48. Kxh5 Ra5+ 49. Kg4 Ra2 50. g3 Kd4 51. h4 Ra1 52. h5
Ke5 53. h6 Kd4 54. h7 Rh1 55. a7 1-0

[Event "Championnat de France - Open D"]
[Site "Belfort - SNPHHUATVS"]
[Date "2010.08.17"]
[Round "7.8"]
[White "Camuzeaux, Jules"]
[Black "Roux, Jean-Marie"]
[Result "0-1"]
[WhiteElo "1430"]
[BlackElo "1490"]
[PlyCount "68"]
[EventDate "2010.??.??"]

1. e4 e5 2. Nf3 Nc6 3. Bc4 Bc5 4. d3 Nf6 5. Nc3 O-O 6. Bg5 h6 7. Bh4 Be7 8. Qd2
d6 9. O-O-O Na5 10. Bb3 Nxb3+ 11. axb3 Be6 12. d4 exd4 13. Nxd4 Bd7 14. f4 c5
15. Ndb5 Qa5 16. Nxd6 b5 17. Bxf6 Bxf6 18. e5 Be7 19. Nde4 Bf5 20. Ng3 Bh7 21.
Kb1 c4 22. bxc4 bxc4 23. Nd5 Qc5 24. Qd4 Rab8 25. f5 Qa3 26. f6 Bc5 27. Qc3 Rb3
28. Ne2 Rxc3 29. bxa3 Rxa3 30. Kb2 Rb8+ 31. Kc1 gxf6 32. Nxf6+ Kg7 33. Nd7 Be3+
34. Rd2 Ra1# 0-1

[Event "Championnat de France - Open D"]
[Site "Belfort - SNPHHUATVS"]
[Date "2010.08.17"]
[Round "7.9"]
[White "Doucet, Martine"]
[Black "Baillie, Andre"]
[Result "0-1"]
[WhiteElo "1430"]
[BlackElo "1468"]
[PlyCount "132"]
[EventDate "2010.??.??"]

1. d4 Nf6 2. c4 c5 3. Nf3 e6 4. g3 d5 5. Bg2 Nc6 6. cxd5 exd5 7. O-O Bd6 8. Nc3
a6 9. Re1 O-O 10. e4 dxe4 11. Nxe4 Nxe4 12. Rxe4 Bf5 13. Re1 Qc7 14. dxc5 Bxc5
15. Bf4 Qb6 16. Be3 Rad8 17. Nd2 Rfe8 18. Bxc5 Rxe1+ 19. Qxe1 Qxc5 20. Nb3 Qb6
21. Qe3 Qb5 22. Re1 Kf8 23. Qc5+ Qxc5 24. Nxc5 Bc8 25. h4 Rd2 26. Rb1 Rc2 27.
Nd3 Bf5 28. Ne1 Rd2 29. Rc1 Rxb2 30. a3 Rb1 31. Rxb1 Bxb1 32. Kh2 Ke7 33. Nf3
h6 34. Ne1 Kd6 35. Nf3 b5 36. Nd2 Bd3 37. Ne4+ Bxe4 38. Bxe4 Nd4 39. Bd3 Kc5
40. Kg1 a5 41. Kf1 b4 42. axb4+ Kxb4 43. Ke1 Kc3 44. Be4 a4 45. Kd1 a3 46. Bd5
f6 47. Kc1 Nb3+ 48. Kb1 Na5 49. g4 Nc4 50. f3 Ne3 51. Be6 Kd3 52. Bf7 g5 53.
Bg6+ Kc3 54. hxg5 hxg5 55. Bh7 Kd2 56. Be4 Nc2 57. Bd5 Nd4 58. Ka2 Ke3 59. Kxa3
Nxf3 60. Kb2 Ne5 61. Be6 Kf4 62. Kc1 Nxg4 63. Kd1 f5 64. Ke1 Ne5 65. Kf1 g4 66.
Bd7 Nxd7 0-1

[Event "Championnat de France - Open D"]
[Site "Belfort - SNPHHUATVS"]
[Date "2010.08.17"]
[Round "7.10"]
[White "Valentin, Olivier"]
[Black "Raffaelli, Alain"]
[Result "1-0"]
[WhiteElo "1430"]
[BlackElo "1464"]
[Annotator "Rivier,Sylvain"]
[PlyCount "60"]
[EventDate "2010.??.??"]

1. e4 e5 2. Nf3 Nc6 3. Bc4 Bc5 4. c3 h6 5. d4 exd4 6. cxd4 Bb6 7. Nc3 d6 8. h3
Nf6 9. O-O O-O 10. a3 a6 11. Bf4 Ba7 12. Qd2 b5 13. Bb3 Re8 14. e5 dxe5 15.
Nxe5 Nxe5 16. Bxe5 Bb7 17. Bc2 b4 18. Na4 c5 19. Qd3 g6 20. Nxc5 Bxc5 21. dxc5
Qxd3 22. Bxd3 Nd7 23. Bd6 Rec8 24. Rae1 Bd5 25. Be4 Bxe4 26. Rxe4 a5 27. Re7
Nf6 28. c6 Nd5 29. Rb7 g5 30. c7 Nf4 {suite illisible} 1-0

[Event "Championnat de France - Open D"]
[Site "Belfort - SNPHHUATVS"]
[Date "2010.08.18"]
[Round "8.1"]
[White "Faure, Baptiste"]
[Black "Fissore, Alexis"]
[Result "1/2-1/2"]
[WhiteElo "1460"]
[BlackElo "1499"]
[PlyCount "23"]
[EventDate "2010.??.??"]

1. e4 c5 2. Nc3 Nc6 3. f4 g6 4. Nf3 Bg7 5. Bb5 Nd4 6. O-O Nxb5 7. Nxb5 a6 8.
Nc3 e6 9. e5 Ne7 10. Ne4 O-O 11. Nxc5 d6 12. Ne4 1/2-1/2

[Event "Championnat de France - Open D"]
[Site "Belfort - SNPHHUATVS"]
[Date "2010.08.18"]
[Round "8.2"]
[White "Rambeaux, Solene"]
[Black "Sonet, Kelly"]
[Result "1/2-1/2"]
[WhiteElo "1500"]
[BlackElo "1430"]
[PlyCount "70"]
[EventDate "2010.??.??"]

1. d4 Nf6 2. Nf3 g6 3. Bf4 Bg7 4. Nbd2 O-O 5. e3 e6 6. Be2 d5 7. O-O b6 8. c3
Ba6 9. Bxa6 Nxa6 10. Qa4 Qc8 11. Ne5 c5 12. Nc6 Qb7 13. Bd6 b5 14. Ne7+ Kh8 15.
Qa5 Qb6 16. Qxb6 axb6 17. a4 b4 18. dxc5 bxc5 19. cxb4 cxb4 20. Nc6 Rfc8 21.
Nxb4 Nxb4 22. Bxb4 Nd7 23. Ra2 Rc2 24. Rb1 Rb8 25. Bd6 Rbxb2 26. Rbxb2 Bxb2 27.
Bb4 Rc1+ 28. Nf1 Bc3 29. Bxc3+ Rxc3 30. a5 Rc8 31. a6 Nb6 32. a7 Na8 33. Rb2
Kg7 34. Rb8 Rf8 35. Nd2 Nc7 1/2-1/2

[Event "Championnat de France - Open D"]
[Site "Belfort - SNPHHUATVS"]
[Date "2010.08.18"]
[Round "8.3"]
[White "Finkel, Anne-Sophie"]
[Black "Gobbe, David"]
[Result "1-0"]
[WhiteElo "1390"]
[BlackElo "1480"]
[PlyCount "91"]
[EventDate "2010.??.??"]

1. e4 e6 2. d4 d5 3. e5 c5 4. c3 Nc6 5. Nf3 Bd7 6. a3 cxd4 7. cxd4 Qb6 8. b4
Nge7 9. Be3 Nf5 10. Bd3 Be7 11. Bxf5 exf5 12. Nc3 Be6 13. O-O O-O 14. Qb3 Na5
15. Qd1 Nc4 16. Bg5 f6 17. exf6 Bxf6 18. Bxf6 Rxf6 19. Ne5 Rc8 20. Nxd5 Bxd5
21. Nd7 Qd6 22. Nxf6+ Qxf6 23. Qd3 Qg6 24. f3 Nd6 25. Rfe1 Rc7 26. Re5 Bf7 27.
Rae1 Kf8 28. a4 b6 29. Qe2 Qf6 30. Kf2 g5 31. Kg1 h6 32. a5 b5 33. Qd1 a6 34.
Rc5 Ra7 35. Rc6 Bd5 36. Rb6 Qd8 37. Qc1 Kg7 38. Qc5 Nc4 39. Rxh6 Kxh6 40. Qxa7
Qf6 41. Kf2 Nb2 42. Re8 Nd3+ 43. Kg1 Nxb4 44. Qc5 Qc6 45. Rh8+ Kg7 46. Qf8+ 1-0

[Event "Championnat de France - Open D"]
[Site "Belfort - SNPHHUATVS"]
[Date "2010.08.18"]
[Round "8.4"]
[White "Roux, Jean-Marie"]
[Black "Santacreu, Antoine"]
[Result "1-0"]
[WhiteElo "1490"]
[BlackElo "1460"]
[PlyCount "59"]
[EventDate "2010.??.??"]

1. e4 c5 2. Nf3 Nc6 3. Nc3 d6 4. Bc4 e6 5. d3 a6 6. Be3 Nf6 7. Qd2 Be7 8. h3 h6
9. g4 Qc7 10. O-O-O b5 11. Bb3 Na5 12. Kb1 Nxb3 13. cxb3 b4 14. Ne2 a5 15. Rc1
Bd7 16. d4 Nxe4 17. Qd3 d5 18. dxc5 Nxc5 19. Bxc5 Bxc5 20. g5 Qb6 21. gxh6 Rxh6
22. Ne5 Bxf2 23. Nxd7 Kxd7 24. Nf4 Be3 25. Nxd5 Qd6 26. Qb5+ Kd8 27. Nxe3 Qa6
28. Rhd1+ Ke7 29. Qg5+ f6 30. Qxg7+ 1-0

[Event "Championnat de France - Open D"]
[Site "Belfort - SNPHHUATVS"]
[Date "2010.08.18"]
[Round "8.5"]
[White "Baillie, Andre"]
[Black "Valentin, Olivier"]
[Result "1-0"]
[WhiteElo "1468"]
[BlackElo "1430"]
[Annotator "Rivier,Sylvain"]
[PlyCount "35"]
[EventDate "2010.??.??"]

1. f4 Nf6 2. Nf3 d6 3. b3 g6 4. Bb2 Bg7 5. e4 Nc6 6. Bb5 Bd7 7. O-O a6 8. Bxc6
Bxc6 9. e5 Nh5 10. Nd4 dxe5 11. Nxc6 bxc6 12. Qf3 Qd5 13. fxe5 O-O 14. g4 Qc5+
15. Qe3 Qxc2 16. Bc3 Rfd8 17. a4 c5 18. Na3 {suite illisible} 1-0

[Event "Championnat de France - Open D"]
[Site "Belfort - SNPHHUATVS"]
[Date "2010.08.18"]
[Round "8.6"]
[White "Sauvage, Thierry"]
[Black "Masson, Sylvain"]
[Result "1/2-1/2"]
[WhiteElo "1466"]
[BlackElo "1310"]
[PlyCount "90"]
[EventDate "2010.??.??"]

1. d4 Nf6 2. c4 c5 3. Nf3 g6 4. e3 Bg7 5. Nc3 O-O 6. Be2 cxd4 7. exd4 d6 8. O-O
Bg4 9. Qd3 Nbd7 10. Be3 Bf5 11. Qd2 Ne4 12. Nxe4 Bxe4 13. Rac1 Nf6 14. h3 Qd7
15. Nh2 b6 16. Bf3 Bxf3 17. Nxf3 Ne4 18. Qe2 Rac8 19. b3 a6 20. Nd2 Nxd2 21.
Qxd2 e6 22. f4 f5 23. d5 b5 24. Qa5 exd5 25. cxd5 Rxc1 26. Rxc1 Qb7 27. Rc6 Re8
28. Qd2 Bf8 29. Kf2 Kf7 30. Qc3 Be7 31. Bd4 b4 32. Qc4 h5 33. Bb6 Kg8 34. Qxb4
Bh4+ 35. Kf3 Qe7 36. Qc4 g5 37. g3 g4+ 38. Kg2 Bxg3 39. Kxg3 gxh3 40. Rc8 Qg7+
41. Kxh3 Qg4+ 42. Kh2 Qh4+ 43. Kg2 Qg4+ 44. Kf2 Qh4+ 45. Kg2 Qg4+ 1/2-1/2

[Event "Championnat de France - Open D"]
[Site "Belfort - SNPHHUATVS"]
[Date "2010.08.18"]
[Round "8.7"]
[White "Dalicieux, Amandine"]
[Black "Ottl, Eric"]
[Result "0-1"]
[WhiteElo "1410"]
[BlackElo "1410"]
[PlyCount "68"]
[EventDate "2010.??.??"]

1. e4 e5 2. Bc4 Nf6 3. d3 Nc6 4. Nc3 Bd6 5. f4 Be7 6. Nf3 a6 7. O-O b5 8. Bb3
Na5 9. Bd5 c6 10. Bb3 Ng4 11. Ng5 Bxg5 12. fxg5 Nxb3 13. axb3 Qb6+ 14. Kh1 Nf2+
15. Rxf2 Qxf2 16. h3 O-O 17. Qh5 g6 18. Qd1 f5 19. exf5 Rxf5 20. Bd2 Bb7 21.
Ne4 Qd4 22. Bc3 Qb6 23. Qg4 Qd8 24. Qh4 Qe7 25. Bb4 c5 26. Bd2 Bxe4 27. Qxe4
Raf8 28. Be3 Rf1+ 29. Rxf1 Rxf1+ 30. Kh2 Re1 31. Qa8+ Qf8 32. Qd5+ Kh8 33. Bd2
Re2 34. Ba5 Qf4+ 0-1

[Event "Championnat de France - Open D"]
[Site "Belfort - SNPHHUATVS"]
[Date "2010.08.18"]
[Round "8.8"]
[White "Ragon, Philippe"]
[Black "Laudat, Philippe"]
[Result "1/2-1/2"]
[WhiteElo "1400"]
[BlackElo "1444"]
[PlyCount "64"]
[EventDate "2010.??.??"]

1. Nf3 d5 2. b3 Nf6 3. Bb2 e6 4. e3 g6 5. c4 c6 6. Ne5 Bg7 7. d4 O-O 8. Be2
Nbd7 9. Nxd7 Nxd7 10. O-O e5 11. cxd5 cxd5 12. dxe5 Nxe5 13. Kh1 Be6 14. Qd4 f6
15. Na3 Nc6 16. Qd2 a6 17. Nc2 Qd7 18. Rfd1 Rad8 19. Bf3 f5 20. Bxg7 Qxg7 21.
Nb4 Nxb4 22. Qxb4 Rc8 23. Qd2 Rfd8 24. Rac1 Rxc1 25. Rxc1 Qd7 26. Qc3 d4 27.
Qxd4 Qxd4 28. exd4 Rxd4 29. Bxb7 a5 30. h3 a4 31. bxa4 Rxa4 32. Ra1 Rxa2
1/2-1/2

[Event "Championnat de France - Open D"]
[Site "Belfort - SNPHHUATVS"]
[Date "2010.08.18"]
[Round "8.9"]
[White "Jardin, Antoine"]
[Black "Vasilescu, Viorica"]
[Result "0-1"]
[WhiteElo "1370"]
[BlackElo "1428"]
[Annotator "Rivier,Sylvain"]
[PlyCount "71"]
[EventDate "2010.??.??"]

1. e4 e6 2. d4 d5 3. e5 c5 4. c3 Qb6 5. Nf3 Nc6 6. a3 cxd4 7. cxd4 Nge7 8. b4
Nf5 9. Be3 Nxe3 10. fxe3 a6 11. Bd3 Be7 12. O-O Bd7 13. Nc3 Na7 14. Rc1 O-O 15.
Qe2 g6 16. h3 Rac8 17. e4 Nb5 18. Bxb5 Bxb5 19. Rf2 Rc4 20. Qd2 dxe4 21. Nxe4
Rxc1+ 22. Qxc1 Qc6 23. Qe3 f5 24. exf6 Bxf6 25. Nxf6+ Rxf6 26. Ng5 Rxf2 27.
Qxf2 Qc1+ 28. Kh2 Qxg5 29. Qc2 Bc6 30. a4 Qf4+ 31. g3 Qxd4 32. b5 axb5 33. axb5
Bd7 34. Qc7 Qb2+ 35. Kh1 Qxb5 36. Qd8+ {suite illisible} 0-1

[Event "Championnat de France - Open D"]
[Site "Belfort - SNPHHUATVS"]
[Date "2010.08.18"]
[Round "8.10"]
[White "Benezra, David"]
[Black "Delzant, Pierre-Richard"]
[Result "0-1"]
[WhiteElo "1400"]
[BlackElo "1380"]
[PlyCount "90"]
[EventDate "2010.??.??"]

1. e4 e6 2. Nf3 d5 3. e5 c5 4. b4 cxb4 5. d4 Nc6 6. a3 bxa3 7. c3 a6 8. Bd3 Bd7
9. Ng5 g6 10. Bxa3 Qxg5 11. Bxf8 Kxf8 12. O-O h5 13. Qb3 Rb8 14. Qa3+ Qe7 15.
Qc1 Nh6 16. Nd2 Nf5 17. Nb3 Kg7 18. Nc5 h4 19. Rb1 Bc8 20. Be2 f6 21. f4 fxe5
22. fxe5 Na5 23. Rf4 Nc4 24. Qf1 Nce3 25. Qf2 g5 26. Rf3 Nc4 27. Bd3 Rf8 28. h3
Nfe3 29. Rf6 Rxf6 30. exf6+ Qxf6 31. Qe2 b6 32. Nb3 Bd7 33. Qh5 Rh8 34. Qe2 e5
35. Bxc4 Nxc4 36. Rf1 Qe6 37. Qf3 exd4 38. cxd4 Qe3+ 39. Qf2 Qxf2+ 40. Rxf2 Rf8
41. Re2 Rf7 42. Nc1 g4 43. Kh2 gxh3 44. gxh3 a5 45. Ra2 b5 0-1

[Event "Championnat de France - Open D"]
[Site "Belfort - SNPHHUATVS"]
[Date "2010.08.19"]
[Round "9.1"]
[White "Fissore, Alexis"]
[Black "Finkel, Anne-Sophie"]
[Result "1-0"]
[WhiteElo "1499"]
[BlackElo "1390"]
[PlyCount "35"]
[EventDate "2010.??.??"]

1. c4 c5 2. Nc3 Nc6 3. g3 g6 4. Bg2 Bg7 5. e3 e6 6. Nge2 Nge7 7. d4 cxd4 8.
exd4 Nf5 9. d5 Ncd4 10. Nxd4 Nxd4 11. O-O O-O 12. Rb1 Rb8 13. Be3 Qf6 14. Ne4
Qe5 15. Bf4 Qf5 16. Bxb8 exd5 17. cxd5 b6 18. g4 1-0

[Event "Championnat de France - Open D"]
[Site "Belfort - SNPHHUATVS"]
[Date "2010.08.19"]
[Round "9.2"]
[White "Faure, Baptiste"]
[Black "Rambeaux, Solene"]
[Result "1-0"]
[WhiteElo "1460"]
[BlackElo "1500"]
[PlyCount "91"]
[EventDate "2010.??.??"]

1. Nf3 Nf6 2. c4 g6 3. d4 Bg7 4. Nc3 O-O 5. e4 d6 6. Be2 Re8 7. O-O Bg4 8. Be3
Qd7 9. Qd2 e5 10. d5 c6 11. Rac1 c5 12. a3 a5 13. h3 Bxf3 14. Bxf3 b6 15. Bg5
Qc7 16. Nb5 Qd7 17. b4 axb4 18. axb4 Na6 19. Bxf6 Bxf6 20. bxc5 bxc5 21. Qa5
Nc7 22. Qxc7 Red8 23. Qxd7 Rxd7 24. Ra1 Rxa1 25. Rxa1 Kg7 26. Ra8 Bg5 27. Ra6
Be7 28. Ra7 Rxa7 29. Nxa7 Kf6 30. Nc6 Bf8 31. Bg4 Bh6 32. Kf1 Kg5 33. Nd8 f5
34. Nf7+ Kf4 35. Nxh6 fxg4 36. hxg4 Kxe4 37. Nf7 Kf4 38. Nxd6 Kxg4 39. Nb7 Kf5
40. Nxc5 Kf6 41. d6 Kf7 42. d7 Ke7 43. Ke2 h5 44. Ke3 g5 45. Ke4 h4 46. Kf5 1-0

[Event "Championnat de France - Open D"]
[Site "Belfort - SNPHHUATVS"]
[Date "2010.08.19"]
[Round "9.3"]
[White "Ottl, Eric"]
[Black "Roux, Jean-Marie"]
[Result "1-0"]
[WhiteElo "1410"]
[BlackElo "1490"]
[PlyCount "37"]
[EventDate "2010.??.??"]

1. e4 e5 2. Nf3 Nc6 3. Bc4 Bc5 4. c3 Nf6 5. d4 exd4 6. cxd4 Bb4+ 7. Bd2 Bxd2+
8. Nbxd2 O-O 9. O-O d6 10. Rc1 Bg4 11. d5 Ne5 12. Be2 Qd7 13. Nxe5 dxe5 14.
Bxg4 Nxg4 15. Rc3 Kh8 16. f4 Rad8 17. Rg3 Nh6 18. fxe5 Qa4 19. Qxa4 1-0

[Event "Championnat de France - Open D"]
[Site "Belfort - SNPHHUATVS"]
[Date "2010.08.19"]
[Round "9.4"]
[White "Sonet, Kelly"]
[Black "Baillie, Andre"]
[Result "0-1"]
[WhiteElo "1430"]
[BlackElo "1468"]
[PlyCount "72"]
[EventDate "2010.??.??"]

1. d4 Nf6 2. c4 c5 3. d5 d6 4. Nc3 g6 5. Bg5 Bg7 6. Nf3 O-O 7. e4 Bg4 8. h3
Bxf3 9. Qxf3 h6 10. Bh4 Nbd7 11. Be2 a6 12. a4 Rb8 13. O-O b6 14. Qe3 Qc7 15.
f4 Ne8 16. Bxe7 Bd4 17. Bxf8 Bxe3+ 18. Kh1 Kxf8 19. Rf3 Bd4 20. f5 Ne5 21. Rff1
Nf6 22. fxg6 Nxg6 23. Bh5 Kg7 24. Bxg6 Kxg6 25. Rf3 Bxc3 26. Rxc3 Nxe4 27. Re3
Re8 28. Rae1 Qe7 29. Kh2 Qe5+ 30. Kg1 f5 31. g4 f4 32. Rxe4 Qxe4 33. Rxe4 Rxe4
34. b3 Re3 35. Kf2 Rxh3 36. Kg2 Rxb3 0-1

[Event "Championnat de France - Open D"]
[Site "Belfort - SNPHHUATVS"]
[Date "2010.08.19"]
[Round "9.5"]
[White "Gobbe, David"]
[Black "Ragon, Philippe"]
[Result "1/2-1/2"]
[WhiteElo "1480"]
[BlackElo "1400"]
[PlyCount "69"]
[EventDate "2010.??.??"]

1. e4 e6 2. d4 d5 3. e5 c5 4. c3 Qb6 5. Nf3 Nc6 6. Be2 Nge7 7. dxc5 Qxc5 8. Be3
Qa5 9. b4 Qc7 10. Bd4 a6 11. O-O Ng6 12. Nbd2 Ncxe5 13. Nxe5 Nxe5 14. Rc1 Nc6
15. Nf3 e5 16. Be3 Be6 17. Ng5 Be7 18. Nxe6 fxe6 19. Bh5+ g6 20. Bg4 Qd6 21.
Bc5 Qd7 22. Bxe7 Kxe7 23. Qb3 b5 24. Rcd1 h5 25. Bf3 Rad8 26. Rfe1 Rhf8 27. Qc2
Qe8 28. a3 Rf4 29. Qc1 Qf7 30. Qe3 e4 31. Qc5+ Rd6 32. Bxe4 Kd7 33. Bf3 Kc7 34.
Rd4 Rxd4 35. cxd4 1/2-1/2